000
00294nam a2200121Ia 4500
008
190216s9999||||xx |||||||||||||| ||und||
100
_a
Vallathol Narayanamenon
245
0
_a
Dandakaranyam
260
_b
Vallathole Vidhyapedam
_c
1960
300
_a
50
650
_a
Kavithkal
942
_c
BK
999
_c
24161
_d
24161